000 00352 a2200169 4500
001 44915
020 _a8526260448
040 _cAnchieta - Aquarius
100 _aLudemir, Julio
240 1 0 _a=Mais um pai
_lpor
245 1 0 _a=Mais um pai
300 _a72
362 0 _a2005
440 1 _aScipione
650 4 _aLiteratura brasileira
942 _cBK
999 _c44915
_d44915